000 02088nam a22002657a 4500
003 UA-OsUOA
005 20210302163003.0
008 20150527b un ||||| |||| 00| 0 ukr d
020 _a9668978218
040 _aUA-OsUOA
_bukr
_cUA-OsUOA
_dUA-OsUOA
041 _aukr
080 _a94(4)
090 _a94(4)
_bВ88
100 _aВулф Л.
245 _aВинайдення Східної Європи: мапа цивілізації у свідомості епохи Просвітництва
_cЛарі Вулф
246 _aInventing Eastern Europe: the Map of Civilization on the Mind of the Enlightenment
260 _aКиїв
_bКритика
_c2009
300 _a592 с.
490 _aКритичні студії
520 _aЛарі Вулф досліджує витоки концептуального поділу Європи на Східну та Західну, що його спершу винайшли мандрівники та мислителі доби Просвітництва, а відтак уречевили картографи та політики. Перш ніж з’явитися на мапі, Східна Європа постала в свідомості людини Просвітництва, констатуючись у процесах входження, заволодіння, уявляння, картографування, звернення і залюднення, що були результатом химерних поєднань уяви, інтересу та об’єктивного факту. Цей інтелектуальний продукт XVIII сторіччя пережив епоху свого народження і, збігшись із геополітичними реаліями XX сторіччя, породив культурно-філософські аномалії, наслідки яких не подолано досі.
650 7 _a94 Історія
_2UDC
942 _cBK
_2udc
955 _a1
999 _c396098
_d396098